Zdôvodnenie základných -systémových- princípov štátnej rodinnej politiky pre Slovensko

Diskusia o miere účasti štátu na riešení sociálnej situácie jednotlivcov a rodín. Demokratická rodinná politika. Úloha štátu voči rodine. Zodpovednosť jednotlivých rezortov pri aplikácii všeobecných princípov štátnej rodinnej politiky. Zameranie rodinnej politiky na rodinu ako inštitúciu, pri rešpek...

Descrizione completa

Salvato in:
Dettagli Bibliografici
Autore principale: Lenczová, T.
Natura: Capitolo di libro
Lingua:slovacco
Soggetti:
Tags: Aggiungi Tag
Nessun Tag, puoi essere il primo ad aggiungerne!!

MARC

LEADER 00000naa a2200000 4500
001 r022071
005 20230807094141.6
041 0 |a slo 
044 |a SK 
245 1 0 |a Zdôvodnenie základných -systémových- princípov štátnej rodinnej politiky pre Slovensko  |c T. Lenczová 
520 |a Diskusia o miere účasti štátu na riešení sociálnej situácie jednotlivcov a rodín. Demokratická rodinná politika. Úloha štátu voči rodine. Zodpovednosť jednotlivých rezortov pri aplikácii všeobecných princípov štátnej rodinnej politiky. Zameranie rodinnej politiky na rodinu ako inštitúciu, pri rešpektovaní práv a zodpovednosti jej členov. 
610 2 0 |a politika rodinná 
610 2 0 |a štát 
610 2 0 |a kompetencie 
610 2 0 |a rodina 
610 2 0 |a inštitúcia 
610 2 0 |a spoločnosť 
610 2 0 |a Slovensko 
610 2 0 |a koncepcie 
100 1 |a Lenczová, T.